Search Results
Showing Item 10 of 103
Available copies
- 2 of 2 copies available at Headquarters.
Current holds
0 current holds with 2 total copies.
| Location | Call Number / Copy Notes | Barcode | Shelving Location | Status | Due Date |
|---|---|---|---|---|---|
| Accra Central Library | 201 641.63/GRA | 000000805476 | 600 - Technology-How things are made, Human Body, Health & Disease, Pets, Farms, Cars, Cooking - REF | Available | - |
| Accra Central Library | 201 641.63/GRA | 000000805483 | 600 - Technology-How things are made, Human Body, Health & Disease, Pets, Farms, Cars, Cooking | Available | - |
Record details
- ISBN: 9780091879433
- Physical Description: Paperback
- Publisher: London Ebury 2000
Search for related items by subject
| Subject: | Cooking |
| LDR | 00620cam a2200205Ka 4500 | ||
|---|---|---|---|
| 001 | 75296 | ||
| 003 | HQ | ||
| 005 | 20201006125518.0 | ||
| 008 | 070101s xxka er eng d | ||
| 020 | . | ‡a9780091879433 | |
| 037 | . | ‡aBook Aid | |
| 082 | . | ‡a641.63/GRA | |
| 100 | . | ‡aGray Rose | |
| 245 | . | ‡aRiver Cafe cook book green | |
| 260 | . | ‡aLondon ‡bEbury ‡c2000 | |
| 300 | . | ‡aPaperback | |
| 650 | . | ‡aCooking | |
| 901 | . | ‡a75296 ‡bAUTOGEN ‡c75296 ‡tbiblio | |
Search Results
Showing Item 10 of 103

Add to basket
Permalink
Disable Highlighting